000
00235nam a2200097Ia 4500
008
220204s9999 xx 000 0 und d
082
_a
NR:063RT`1987'
_b
IRC
245
0
_a
Rubber con '87: Abstracts
260
_a
UK
_b
PRI
_c
1987
942
_c
BK
999
_c
40342
_d
40342